000 01771ncm0a2200409 4500
001 RU\NLR\ONIZ\212547
005 20250624195745.0
010 _a978-5-364-00599-1
021 _aRU
_b08-71
_908-4
021 _aRU
_b07-315
_907-15
035 _aRU\NLR\ONIZ\GALA\5000025268\20150831134857
035 _a(NLR Aleph) 010892067
090 _a10559635
_c10559635
100 _a20150831d2007 |||y0rusy50 ca
101 0 _arus
102 _aRU
125 _aax
200 1 _aСвятой Благоверный князь Александр Невский
_bНоты
_eмуз. картины из оперы для большого симф. орк.
_fИ. В. Воробьёв-Ефанов
208 _aПартитура
210 _aМосква
_cКомпания Спутник+
_d2007
215 _a136 с.
_cил.
_d29 см
600 1 _aАлександр Невский
_f1220-1263
_cвеликий князь владимирский
_xМузыкальные интерпретации
_2nlr_sh
_7ba
606 1 _aИнструментальные отрывки из опер
_xПартитуры
_yРоссия
_z20-21 вв.
_2nlr_sh
686 _aЩ951.11-071.2я44(2Р)П
_vLBC/SL
_2rubbk
700 1 _9z04790
_aВоробьёв-Ефанов
_bИ. В.
_gИгорь Викторович
_4230
790 1 _9z04700
_aVorob`yov-Efanov
_bI. V.
_gIgor` Viktorovich
_4230
801 0 _aRU
_bNLR
_c20150831
_gPSBO
801 1 _aRU
_bNLR
_c20150831
_2rusmarc
801 2 _aRU
_bNLR
_c20190630
852 _aNLR
_bМ
_j3/10585
_pМОЭ 2008-4/71
_t1
852 _aNLR
_bМ
_j3/11216
_pМОЭ 2007-15/315
_t2
852 _aNLR
_bМ
_j3/10585а
_pМОЭ 2008-4/71а
_t3
852 _aNLR
_bМ
_j3/11216а
_pМОЭ 2007-15/315а
_t4
942 _cSCORE
980 _aNB
980 _aONIZ